| 000 | 00651nam a2200133Ia 4500 | ||
|---|---|---|---|
| 008 | 160809s9999 xx 000 0 und d | ||
| 100 | _aEvaggelinou, Doulkeridou A. | ||
| 245 | _aATTITUDES OF GREEK PHYSICAL EDUCATION TEACHERS TOWARDS INCLUSION OF STUDENTS WITH DISABILITIES IN PHYSICAL EDUCATION CLASSES | ||
| 245 | _cDoulkeridou A,Evaggelinou C., Mouratidou K.Koidou E.Panagiotou A. Kudlacek M Aristotle University of Thessaloniki, Palacky University Czech Republic . | ||
| 260 | _bInternational Journal of Special Education | ||
| 260 | _c2011 | ||
| 650 | _xSPECIAL EDUCATION | ||
| 856 | _uhttp://www.internationaljournalofspecialed.com/issues.php | ||
| 999 |
_c300457 _d300457 |
||